| 000 | 00468pab a2200169 454500 | ||
|---|---|---|---|
| 008 | 180718b2001 xxu||||| |||| 00| 0 eng d | ||
| 100 | _aMule, Harris | ||
| 245 | _aChallenges to African governance and civil society | ||
| 260 | _c2001 | ||
| 300 | _ap.71-76 | ||
| 362 | _aMay | ||
| 650 | _aCivil society - Africa | ||
| 650 | _aPublic administration - Africa | ||
| 650 | _aPublic administration | ||
| 773 | _aPublic Administration and Development | ||
| 909 | _a48975 | ||
| 999 |
_c48975 _d48975 |
||